[Event "EU-ch Amateur U2300"]
[Site "Zagreb"]
[Date "2022.08.16"]
[Round "3"]
[White "Novosel, Lovro"]
[Black "Basaric, Srdjan"]
[Result "1-0"]
[WhiteElo "2212"]
[BlackElo "2024"]
[PlyCount "75"]
[EventDate "2022.08.14"]
[EventType "swiss"]
[EventRounds "9"]
[EventCountry "CRO"]
[SourceTitle "CBM 210 Extra"]
[Source "ChessBase"]
[SourceDate "2022.11.30"]
[SourceVersion "1"]
[SourceVersionDate "2022.11.30"]
[SourceQuality "1"]

1. d4 d5 2. c4 c6 3. Nf3 Nf6 4. Qc2 e6 5. Nbd2 Be7 6. g3 0-0 7. Bg2 Nbd7 8. 0-0 b6 9. e4 Ba6 10. Re1 Rc8 11. e5 Ne8 12. Qa4 Nc7 13. cxd5 cxd5 14. Nf1 Bb5 15. Qd1 a5 16. h4 h6 17. Ne3 Bb4 18. Bd2 Qe7 19. a3 Bxd2 20. Qxd2 Rfd8 21. Rac1 Ne8 22. Bf1 Bxf1 23. Rxf1 Nb8 24. Qd3 Qb7 25. Qb3 Rc7 26. Rc3 Rdc8 27. Rfc1 Qa6 28. a4 Nc6 29. Nc2 h5 30. Kg2 g6 31. Na3 Nb4 32. Nb5 Rc6 33. Nd6 Rxc3 34. bxc3 Nxd6 35. exd6 Qb7 36. Rb1 Nd3 37. Qb5 Rc4 38. Qe8+ 1-0

[Event "Novi Sad Mix Putnik 20"]
[Site "Novi Sad"]
[Date "2022.02.03"]
[Round "6.7"]
[White "Basaric, Srdjan"]
[Black "Tasev, Dejan"]
[Result "1/2-1/2"]
[WhiteElo "2037"]
[BlackElo "2272"]
[PlyCount "82"]
[EventDate "2022.01.31"]
[EventType "swiss"]
[EventRounds "9"]
[EventCountry "SRB"]
[SourceTitle "CBM 206 Extra"]
[Source "ChessBase"]
[SourceDate "2022.03.31"]
[SourceVersion "1"]
[SourceVersionDate "2022.03.31"]
[SourceQuality "1"]

1. e4 d6 2. d4 Nf6 3. Nc3 g6 4. g3 Bg7 5. Bg2 0-0 6. Nge2 c5 7. dxc5 dxc5 8. Qxd8 Rxd8 9. Be3 Na6 10. h3 e5 11. a3 Be6 12. 0-0 b6 13. Rfd1 Nc7 14. f4 Bc4 15. fxe5 Nfe8 16. Bf4 Ne6 17. h4 h6 18. Bh3 N8c7 19. Kf2 g5 20. hxg5 hxg5 21. Be3 Bxe5 22. Rxd8+ Rxd8 23. Rd1 Rxd1 24. Nxd1 Bxe2 25. Kxe2 Bxg3 26. c3 Kg7 27. Kf3 Be5 28. Nf2 f6 29. Nd3 Bd6 30. Bf5 c4 31. Nb4 Nc5 32. Bxc5 Bxc5 33. Nc6 a5 34. e5 fxe5 35. Nxe5 b5 36. a4 Bd6 37. Nc6 Bf4 38. Nxa5 Bc1 39. axb5 Nxb5 40. Nxc4 Kf6 41. Bd7 Bxb2 1/2-1/2

[Event "Novi Sad Mix Putnik 20"]
[Site "Novi Sad"]
[Date "2022.02.03"]
[Round "7.4"]
[White "Runic, Zoran"]
[Black "Basaric, Srdjan"]
[Result "0-1"]
[WhiteElo "2339"]
[BlackElo "2037"]
[PlyCount "84"]
[EventDate "2022.01.31"]
[EventType "swiss"]
[EventRounds "9"]
[EventCountry "SRB"]
[SourceTitle "CBM 206 Extra"]
[Source "ChessBase"]
[SourceDate "2022.03.31"]
[SourceVersion "1"]
[SourceVersionDate "2022.03.31"]
[SourceQuality "1"]

1. e4 e6 2. d4 d5 3. e5 c5 4. c3 Qb6 5. Nf3 Nc6 6. Be2 Bd7 7. 0-0 Rc8 8. h4 h5 9. a3 cxd4 10. cxd4 Nge7 11. Nc3 Na5 12. b4 Nc4 13. Na4 Qc6 14. Nc5 b6 15. Nxd7 Qxd7 16. a4 Nf5 17. Qb3 Be7 18. g3 0-0 19. Bf4 Rc7 20. Rfd1 Rfc8 21. Bg5 Bf8 22. Ne1 g6 23. Ng2 a5 24. bxa5 bxa5 25. Bxh5 gxh5 26. Nf4 Ng7 27. Qf3 Be7 28. Bf6 Qd8 29. Bxg7 Kxg7 30. Nxh5+ Kh8 31. Qxf7 Qg8 32. Qf3 Qg6 33. Nf4 Qf5 34. Qd3 Qg4 35. Rab1 Rg8 36. Ng2 Bb4 37. Rb3 Rf7 38. f4 Qh3 39. Kf2 Nxe5 40. Qf1 Ng4+ 41. Ke2 Nh2 42. Qf2 Qg4+ 0-1

[Event "Novi Sad Mix Putnik 20"]
[Site "Novi Sad"]
[Date "2022.02.02"]
[Round "5.6"]
[White "Korelskiy, Egor"]
[Black "Basaric, Srdjan"]
[Result "1/2-1/2"]
[WhiteElo "1748"]
[BlackElo "2037"]
[PlyCount "88"]
[EventDate "2022.01.31"]
[EventType "swiss"]
[EventRounds "9"]
[EventCountry "SRB"]
[SourceTitle "CBM 206 Extra"]
[Source "ChessBase"]
[SourceDate "2022.03.31"]
[SourceVersion "1"]
[SourceVersionDate "2022.03.31"]
[SourceQuality "1"]

1. e4 d6 2. d4 Nf6 3. Nc3 Nbd7 4. g3 e5 5. Nge2 c6 6. a4 Be7 7. Bg2 0-0 8. 0-0 b6 9. h3 a6 10. Be3 Rb8 11. g4 h5 12. Ng3 hxg4 13. hxg4 g6 14. Bf3 exd4 15. Bxd4 Ne5 16. Bxe5 dxe5 17. Qe2 Qc7 18. Kg2 Nh7 19. Rh1 Ng5 20. Qe3 f6 21. Be2 Bc5 22. Bc4+ Kg7 23. Qe2 b5 24. axb5 axb5 25. Bb3 Be6 26. Rag1 Rh8 27. Rxh8 Rxh8 28. Rh1 Rxh1 29. Kxh1 Qd7 30. Bxe6 Nxe6 31. Qd1 Qa7 32. f3 Kf8 33. Nce2 Ke7 34. c3 Qa2 35. Qc1 Bf2 36. Kg2 Bxg3 37. Kxg3 Qc4 38. Qd2 c5 39. Kf2 b4 40. Qh6 Kf7 41. Qh7+ Ng7 42. Qh8 bxc3 43. bxc3 Ne6 44. Qh7+ Ng7 1/2-1/2

[Event "Novi Sad Mix Putnik 20"]
[Site "Novi Sad"]
[Date "2022.01.31"]
[Round "1.6"]
[White "Markovic, Miroslav"]
[Black "Basaric, Srdjan"]
[Result "1-0"]
[WhiteElo "2291"]
[BlackElo "2037"]
[PlyCount "51"]
[EventDate "2022.01.31"]
[EventType "swiss"]
[EventRounds "9"]
[EventCountry "SRB"]
[SourceTitle "CBM 206 Extra"]
[Source "ChessBase"]
[SourceDate "2022.03.31"]
[SourceVersion "1"]
[SourceVersionDate "2022.03.31"]
[SourceQuality "1"]

1. e4 d6 2. f4 Nf6 3. Nc3 e5 4. Nf3 Nbd7 5. Bc4 Be7 6. 0-0 0-0 7. d3 c6 8. a3 Qc7 9. Kh1 b5 10. Ba2 a6 11. Qe1 Bb7 12. Ne2 Nh5 13. fxe5 dxe5 14. Ng5 Nhf6 15. Ng3 g6 16. Bd2 c5 17. Nf5 gxf5 18. Rxf5 c4 19. Qh4 Kg7 20. Qh6+ Kxh6 21. Ne6+ Kg6 22. Rg5+ Kh6 23. Rg3+ Kh5 24. Ng7+ Kh4 25. Nf5+ Kh5 26. Rg5# 1-0

[Event "Solta op 4th"]
[Site "Grohote"]
[Date "2021.08.09"]
[Round "2"]
[White "Basaric, Srdjan"]
[Black "Galoic, David"]
[Result "1-0"]
[WhiteElo "2020"]
[BlackElo "1780"]
[PlyCount "57"]
[EventDate "2021.08.08"]
[EventType "swiss"]
[EventRounds "9"]
[EventCountry "CRO"]
[SourceTitle "CBM 203 Extra"]
[Source "ChessBase"]
[SourceDate "2021.09.30"]
[SourceVersion "1"]
[SourceVersionDate "2021.09.30"]
[SourceQuality "1"]

1. e4 c5 2. Nf3 d6 3. d3 Nf6 4. Nbd2 e6 5. g3 Be7 6. Bg2 Nc6 7. 0-0 0-0 8. Re1 Qc7 9. a4 b6 10. Nc4 Bb7 11. Bf4 Nh5 12. Bd2 g6 13. Bg5 Bxg5 14. Nxg5 h6 15. Nh3 Rfe8 16. f4 Ne7 17. g4 d5 18. gxh5 dxc4 19. hxg6 fxg6 20. Qg4 cxd3 21. cxd3 Qd7 22. Nf2 Kh8 23. Qh3 Rad8 24. Ng4 Ng8 25. Ne5 Qg7 26. Qg3 Re7 27. Re3 Nf6 28. Qh4 Nd7 29. Nxg6+ 1-0

[Event "Belgrade ChessAmateur op 5th"]
[Site "Belgrade"]
[Date "2019.01.08"]
[Round "7"]
[White "Basaric, Srdjan"]
[Black "Djokic, Mihailo"]
[Result "1/2-1/2"]
[WhiteElo "2072"]
[BlackElo "2178"]
[PlyCount "148"]
[EventDate "2019.01.04"]
[EventType "swiss"]
[EventRounds "9"]
[EventCountry "SRB"]
[SourceTitle "CBM 188 Extra"]
[Source "ChessBase"]
[SourceDate "2019.02.26"]
[SourceVersion "1"]
[SourceVersionDate "2019.02.26"]
[SourceQuality "1"]

1. e4 c5 2. Nf3 d6 3. d4 cxd4 4. Qxd4 a6 5. h3 Nc6 6. Qe3 g6 7. c4 Bg7 8. Nc3 Nf6 9. Be2 0-0 10. 0-0 Be6 11. Bd2 Rc8 12. Rac1 Nd7 13. b3 Nde5 14. Nd5 Nxf3+ 15. Bxf3 f6 16. Bg4 Bxg4 17. hxg4 Ne5 18. Qe2 e6 19. Ne3 Bh6 20. f4 Nc6 21. Bc3 Qb6 22. Rcd1 e5 23. g3 Nd4 24. Bxd4 exd4 25. Nd5 d3+ 26. Qf2 Qxf2+ 27. Kxf2 Rce8 28. Kf3 f5 29. gxf5 gxf5 30. exf5 Rxf5 31. Rxd3 b5 32. Ne3 Rf6 33. Ng4 Rfe6 34. cxb5 Bg7 35. bxa6 h5 36. Ne3 Ra8 37. Rh1 Rxa6 38. Rxh5 Rxa2 39. Rhd5 Bf8 40. g4 Rh6 41. g5 Rh3+ 42. Kg4 Rh1 43. Kf5 Rf2 44. Ng4 Re2 45. Kg6 Re7 46. Nf6+ Kh8 47. Rb5 Rg7+ 48. Kf5 Rc7 49. Rb8 Kg7 50. Rxd6 Rh4 51. Rd7+ Rxd7 52. Nxd7 Bd6 53. Rb7 Rxf4+ 54. Ke6 Ba3 55. Nf6+ Kg6 56. Ke5 Rf5+ 57. Ke6 Rxg5 58. Nd5 Rg4 59. Ke5 Bb2+ 60. Kd6 Re4 61. b4 Ba3 62. Kc5 Re1 63. Kc4 Re5 64. b5 Re4+ 65. Kb3 Bc5 66. Rc7 Bf2 67. Nc3 Re6 68. Rc6 Kf5 69. Kc4 Re5 70. Na4 Re4+ 71. Kb3 Re3+ 72. Kb4 Be1+ 73. Nc3 Ke5 74. b6 Rxc3 1/2-1/2

[Event "Belgrade ChessAmateur op 5th"]
[Site "Belgrade"]
[Date "2019.01.05"]
[Round "2"]
[White "Djordjevic, Nevena"]
[Black "Basaric, Srdjan"]
[Result "1/2-1/2"]
[WhiteElo "1728"]
[BlackElo "2072"]
[PlyCount "76"]
[EventDate "2019.01.04"]
[EventType "swiss"]
[EventRounds "9"]
[EventCountry "SRB"]
[SourceTitle "CBM 188 Extra"]
[Source "ChessBase"]
[SourceDate "2019.02.26"]
[SourceVersion "1"]
[SourceVersionDate "2019.02.26"]
[SourceQuality "1"]

1. d4 d6 2. Nf3 Bg4 3. Bf4 Nd7 4. Nbd2 Ngf6 5. h3 Bxf3 6. Nxf3 g6 7. e3 Bg7 8. Be2 0-0 9. 0-0 Re8 10. c4 e5 11. Bh2 e4 12. Nd2 Qe7 13. Qc2 c5 14. dxc5 dxc5 15. Rfd1 b6 16. Nb1 Ne5 17. Nc3 Qb7 18. Rd6 Re7 19. Rad1 Ne8 20. R6d2 f5 21. Nb5 a6 22. Nd6 Nxd6 23. Rxd6 Nf7 24. R6d5 Be5 25. Bxe5 Nxe5 26. Qd2 Qc7 27. b3 Rf8 28. Rd6 Nd3 29. Rd5 Ne5 30. Rd6 Nf7 31. Rd5 Rfe8 32. Qc3 Ne5 33. Qd2 g5 34. Rd6 Nd3 35. Rd5 Ne5 36. Rd6 f4 37. exf4 Nd3 38. Rd5 gxf4 1/2-1/2

[Event "Solta Amateur op"]
[Site "Grohote"]
[Date "2018.06.26"]
[Round "3"]
[White "Basaric, Srdjan"]
[Black "Pecurica, Milos"]
[Result "0-1"]
[WhiteElo "2094"]
[BlackElo "2329"]
[PlyCount "78"]
[EventDate "2018.06.24"]
[EventType "swiss"]
[EventRounds "9"]
[EventCountry "CRO"]
[SourceTitle "CBM 185 Extra"]
[Source "ChessBase"]
[SourceDate "2018.07.29"]
[SourceVersion "1"]
[SourceVersionDate "2018.07.29"]
[SourceQuality "1"]

1. e4 c6 2. d3 d5 3. Nd2 g6 4. Ngf3 Bg7 5. Be2 e5 6. 0-0 Ne7 7. c3 0-0 8. d4 exd4 9. Nxd4 Nd7 10. exd5 Nxd5 11. Nc4 Nc5 12. Bf3 Ne6 13. Re1 Nxd4 14. cxd4 Be6 15. Ne5 Re8 16. Bd2 Qb6 17. Bc3 Rad8 18. Qa4 Bxe5 19. Rxe5 Nxc3 20. bxc3 Qb2 21. Rae1 Qxc3 22. Qxa7 Rd7 23. R5e4 Red8 24. Qc5 Qxc5 25. dxc5 Bxa2 26. Re8+ Rxe8 27. Rxe8+ Kg7 28. h4 h5 29. Ra8 Bc4 30. Ra7 Bb5 31. g3 Kf6 32. g4 hxg4 33. Bxg4 Re7 34. Bc8 Ba6 35. Kg2 Ke5 36. Bg4 Kd4 37. Ra8 Kxc5 38. h5 gxh5 39. Bxh5 Bc4 0-1

[Event "Bjelovar op"]
[Site "Bjelovar"]
[Date "2017.08.06"]
[Round "7"]
[White "Basaric, Srdjan"]
[Black "Srbis, Jurica"]
[Result "1/2-1/2"]
[WhiteElo "2061"]
[BlackElo "2417"]
[PlyCount "109"]
[EventDate "2017.08.03"]
[EventType "swiss"]
[EventRounds "7"]
[EventCountry "CRO"]
[SourceTitle "CBM 180 Extra"]
[Source "ChessBase"]
[SourceDate "2017.10.06"]
[SourceVersion "1"]
[SourceVersionDate "2017.10.06"]
[SourceQuality "1"]

1. e4 c5 2. Nf3 g6 3. d4 cxd4 4. Qxd4 Nf6 5. e5 Nc6 6. Qa4 Nd5 7. Qe4 Ndb4 8. Bb5 Qa5 9. Nc3 d5 10. exd6 Bf5 11. Qe5 Nxc2+ 12. Ke2 0-0-0 13. Qxh8 Nxa1 14. Qxh7 Nc2 15. Rd1 e5 16. Bxc6 bxc6 17. Kf1 e4 18. Nd4 Nxd4 19. Rxd4 Bxd6 20. Qxf7 Qa6+ 21. Ke1 Qb6 22. Qc4 Rd7 23. Nd5 Qc5 24. Ne3 Qxc4 25. Rxc4 Be6 26. Rxe4 Bxa2 27. Bd2 Bc5 28. Bc3 Kb7 29. h4 Bb1 30. Re8 Bd3 31. g4 Rf7 32. h5 gxh5 33. gxh5 Rh7 34. Re5 Be7 35. Ng4 Bd6 36. Rg5 Kb6 37. h6 Re7+ 38. Be5 Bb4+ 39. Kd1 Rd7 40. Bc3 Be4+ 41. Ke2 Bxc3 42. bxc3 Bc2 43. Rg7 Rd5 44. Nf6 Rd1 45. Rg5 Rh1 46. Kd2 Rxh6 47. Ng4 Rg6 48. f4 Bb1 49. Rxg6 Bxg6 50. Ne3 Kc5 51. Kc1 Bd3 52. Kb2 Be4 53. Kb3 Bd3 54. Ka4 Bb5+ 55. Kb3 1/2-1/2

[Event "Bjelovar op"]
[Site "Bjelovar"]
[Date "2017.08.05"]
[Round "5"]
[White "Kristovic, Marijan"]
[Black "Basaric, Srdjan"]
[Result "1-0"]
[WhiteElo "2275"]
[BlackElo "2061"]
[PlyCount "83"]
[EventDate "2017.08.03"]
[EventType "swiss"]
[EventRounds "7"]
[EventCountry "CRO"]
[SourceTitle "CBM 180 Extra"]
[Source "ChessBase"]
[SourceDate "2017.10.06"]
[SourceVersion "1"]
[SourceVersionDate "2017.10.06"]
[SourceQuality "1"]

1. e4 d6 2. d4 Nf6 3. Bc4 Nxe4 4. Bxf7+ Kxf7 5. Qh5+ g6 6. Qd5+ Kg7 7. Qxe4 Nc6 8. d5 Bf5 9. Qe3 Ne5 10. Nf3 Nxf3+ 11. Qxf3 e5 12. dxe6 c6 13. 0-0 Bxe6 14. Re1 Bf7 15. Bh6+ Kg8 16. Bxf8 Qxf8 17. Nc3 d5 18. Qf6 Re8 19. h4 h5 20. Re5 Rxe5 21. Qxe5 Qe8 22. Qc7 d4 23. Rd1 Rh7 24. Rxd4 Be6 25. Qe5 Re7 26. Re4 Kf7 27. Qf4+ Bf5 28. f3 Kg7 29. Rxe7+ Qxe7 30. Ne4 b6 31. c3 c5 32. Kf2 Bxe4 33. fxe4 Qd7 34. e5 Qe6 35. c4 a6 36. a4 b5 37. Qf6+ Qxf6+ 38. exf6+ Kxf6 39. cxb5 axb5 40. a5 c4 41. a6 b4 42. a7 1-0

[Event "Hum na Sutli op 10th"]
[Site "Hum na Sutli"]
[Date "2016.08.30"]
[Round "5"]
[White "Basaric, Srdjan"]
[Black "Pandurevic, Miro"]
[Result "0-1"]
[WhiteElo "2096"]
[BlackElo "2295"]
[PlyCount "156"]
[EventDate "2016.08.26"]
[EventType "swiss"]
[EventRounds "9"]
[EventCountry "CRO"]
[SourceTitle "CBM 174 Extra"]
[Source "ChessBase"]
[SourceDate "2016.10.10"]
[SourceVersion "1"]
[SourceVersionDate "2016.10.10"]
[SourceQuality "1"]

1. e4 e5 2. Nf3 Nc6 3. Bb5 g6 4. 0-0 Bg7 5. c3 a6 6. Ba4 Nge7 7. d3 0-0 8. Nbd2 b5 9. Bb3 Na5 10. Bc2 c5 11. a4 Bb7 12. Nb3 Nxb3 13. Bxb3 d5 14. Qe2 c4 15. Bc2 cxd3 16. Bxd3 f5 17. Ng5 dxe4 18. Bc2 Qd7 19. Rd1 Nd5 20. Bb3 h6 21. Nxe4 fxe4 22. Qxe4 Kh7 23. Rxd5 Bxd5 24. Qxd5 Qf5 25. Be3 Rad8 26. Qb7 Rd2 27. axb5 Rxf2 28. Bc4 axb5 29. Bd3 e4 30. Bd4 Rf7 31. Qxe4 Qxe4 32. Bxe4 Bxd4 33. cxd4 R2f4 34. Bd3 Rxd4 35. Bxb5 Rb7 36. Bc6 Rxb2 37. Ra7+ Kh8 38. h3 h5 39. Kh2 h4 40. Bf3 Rb6 41. Re7 Rb3 42. Re4 Rxe4 43. Bxe4 Ra3 44. Bf3 Re3 45. Bc6 Re1 46. Bb7 Kg7 47. Bc6 Kf6 48. Bb7 Ke5 49. Bc6 Kf4 50. Bb7 Rc1 51. Bd5 g5 52. Bf3 Rc3 53. Bh5 Rg3 54. Bd1 Ke3 55. Ba4 g4 56. hxg4 Rxg4 57. Bc6 Rg3 58. Bb7 Kf4 59. Bc6 Rc3 60. Bd7 Rc1 61. Be6 Rc7 62. Kh3 Re7 63. Bd5 Re5 64. Bc6 Re6 65. Bf3 Re1 66. Kh2 h3 67. Bb7 Rc1 68. Bd5 Rd1 69. Bc6 Rd6 70. Bb7 Rb6 71. Bd5 Rd6 72. Bb7 Rb6 73. g3+ Kg4 74. Bc8+ Kf3 75. Bxh3 Rb2+ 76. Kg1 Kxg3 77. Bf5 Rg2+ 78. Kh1 Re2 0-1

[Event "Cesenatico op 19th"]
[Site "Cesenatico"]
[Date "2015.09.08"]
[Round "4"]
[White "Basaric, Srdjan"]
[Black "Mrdja, Milan"]
[Result "0-1"]
[WhiteElo "2073"]
[BlackElo "2364"]
[PlyCount "42"]
[EventDate "2015.09.05"]
[EventType "swiss"]
[EventRounds "9"]
[EventCountry "ITA"]
[SourceTitle "EXT 2016"]
[Source "ChessBase"]
[SourceDate "2015.10.08"]
[SourceVersion "1"]
[SourceVersionDate "2015.10.08"]
[SourceQuality "1"]

1. e4 c6 2. d4 g6 3. Nc3 Bg7 4. a4 d5 5. Nge2 dxe4 6. Nxe4 Nh6 7. h3 0-0 8. c3 Nd7 9. g4 e5 10. Bg2 f5 11. Qb3+ Kh8 12. Ng5 exd4 13. Ne6 Qe7 14. Nxg7 Kxg7 15. cxd4 Re8 16. Bf3 Nb6 17. Bf4 Nf7 18. 0-0-0 Be6 19. d5 Bxd5 20. Qc3+ Qf6 21. Nd4 fxg4 0-1